• 首页
  • 本馆介绍
  • 公告通知
  • 最新文献
  • 馆藏检索
  • 电子资源
  • 读者导购
  • 参考咨询
  • 我的图书馆
  • 登录
  • 详细信息显示
  • 放入我的书架
  • 预约/预借图书
  • 作者相关作品
  • 分类相关作品
  • 丛书相关作品
  • 出版社相关作品

书目信息

  • 表格格式
  • 工作单格式
  • 卡片格式
题名:
建筑工程招标投标与合同管理案头书
    
 
作者: 王俊遐 主编
分册:  
出版信息: 北京   机械工业出版社  2020.1
页数: 384页
开本: 26cm
丛书名:
单 册:
中图分类: TU723.2 , TU723.1
科图分类:
主题词: 建筑工程--招标 , 建筑工程--投标 , 建筑工程--工程施工--经济合同--管理
电子资源:
ISBN: 978-7-111-64047-9
000 01238nam0 2200301 45
001 012001002467
005 20140914110103.0
010    @a978-7-111-64047-9@dCNY69.00
100    @a20191226d2020 em y0chiy50 ea
101 0  @achi
102    @aCN@b110000
105    @aak z 000yy
106    @ar
200 1  @a建筑工程招标投标与合同管理案头书@Ajian zhu gong cheng zhao biao tou biao yu he tong guan li an tou shu@b专著@f王俊遐主编
210    @a北京@c机械工业出版社@d2020.1
215    @a384页@c图@d26cm
300    @a并列题名:Construction project bidding and contract management desk book
312    @a封面英文题名:Construction project bidding and contract management desk book
330    @a本书内容主要包括:工程项目招标投标简介、建筑工程招标、建筑工程投标、一般建筑工程项目合同及其管理、PPP项目承建的合同主要条款及管理、工程总承包合同管理、全过程工程咨询项目合同管理等。
510 1  @aConstruction project bidding and contract management desk book@zeng
606 0  @a建筑工程@x招标
606 0  @a建筑工程@x投标
606 0  @a建筑工程@x工程施工@x经济合同@x管理
690    @aTU723.2@v5
690    @aTU723.1@v5
701  0 @a王俊遐@Awang jun xia@4主编
801  0 @aCN@bBJSDL@c20211011
905    @b1339840-3@dTU723.2@e2033@f4
    
    建筑工程招标投标与合同管理案头书/王俊遐主编.-北京:机械工业出版社,2020.1
    384页:图;26cm
    并列题名:Construction project bidding and contract management desk book
    
    ISBN 978-7-111-64047-9:CNY69.00
    本书内容主要包括:工程项目招标投标简介、建筑工程招标、建筑工程投标、一般建筑工程项目合同及其管理、PPP项目承建的合同主要条款及管理、工程总承包合同管理、全过程工程咨询项目合同管理等。
●
相关链接 在E读中查询图书 在五车中查询图书 在当当中查询图书 在豆瓣中查询图书


正题名:建筑工程招标投标与合同管理案头书     索取号:TU723.2/2033         预约/预借

序号 登录号 条形码 馆藏地/架位号 状态 备注
1 1339840   213398401   第二样本阅览室/ [索取号:TU723.2/2033] 在馆    
2 1339841   213398410   第三借阅区/ [索取号:TU723.2/2033] 在馆    
3 1339842   213398429   第三借阅区/ [索取号:TU723.2/2033] 在馆    
4 1339843   213398438   第三借阅区/ [索取号:TU723.2/2033] 在馆    
唐山师范学院图书馆 欢迎您!
大连网信软件有限公司© 版权所有